000 00863nam a2200265 a 4500
001 000016367
005 20200929164407.0
008 100303s1949 sp 000 d spa d
040 _aDO-SdBNP
_bspa
_cBNPHU
082 _a862.4
_bF363t, 1949
100 1 _aFernández de Moratín, Leandro,
_d1760-1828
_915834
245 1 0 _aTeatro /
_cMoratín ; prólogo y notas de F. Ruiz Morcuende.
250 _a2a ed. corr. y ampl.
260 _aMadrid :,
_cEspasa-Calpe,
_c1949.
300 _a219 p. ;
_c18 cm.
490 1 _aClásicos castellanos
_v58
500 _aIncluye notas biográficas del autor .
500 _aIncluye notas al pie de las páginas.
650 4 _aTeatro español
_93071
650 4 _aLiteratura española
_9632
700 1 _aRuiz Morcuende, F.,
_cpról.
_936498
830 0 _aClásicos castellanos;
_v58
_94180
910 _aWM
049 _aBNGR
999 _c15902
_d15902